| 000 | 00966nam0a22002651 4500 | ||
|---|---|---|---|
| 001 | rc\777953 | ||
| 005 | 20260405100748.0 | ||
| 035 | _a(NLR Aleph) 006304004 | ||
| 090 |
_a7281271 _c7281271 |
||
| 100 | _a20040301d1984 |||y0rusy50 ca | ||
| 101 | 0 | _arus | |
| 102 | _aRU | ||
| 105 | _ay ||||||||| | ||
| 200 | 1 | _aЛекарственная зависимость и ее профилактика | |
| 210 |
_aЛ. _cЛенингр. орг. о-ва "Знание" РСФСР _d1984 |
||
| 215 |
_a12 с. _d21 |
||
| 225 | 1 |
_aВ помощь лектору _fО-во "Знание" РСФСР, Ленингр. орг. |
|
| 320 | _aБиблиогр.: с. 12 (5 назв.) | ||
| 700 | 1 |
_8rus _7ca _aАрхангельский _bА. Е. _cд-р мед. наук _f1941-2007 _gАскольд Евгеньевич _3RU\NLR\AUTH\7736853 _919842 |
|
| 801 | 0 |
_aRU _bNLR _gpsbo |
|
| 801 | 1 |
_aRU _bELAR _2rusmarc |
|
| 852 |
_aNLR _j84-6/3369 |
||
| 942 | _cBOOK | ||
| 980 | _aNB | ||